Electronic structure and thermal decomposition of some five-membered lactones /
Saved in:
| Main Author: | |
|---|---|
| Format: | Thesis Book |
| Language: | English |
| Published: |
1998.
|
| Subjects: | |
| Tags: |
Add Tag
No Tags, Be the first to tag this record!
|
| LEADER | 00831cam a2200253 a 4500 | ||
|---|---|---|---|
| 001 | u438253 | ||
| 003 | SIRSI | ||
| 008 | 990420s1998 si v 00 1 eng m | ||
| 035 | |a ACH-0091 | ||
| 040 | |a UMM | ||
| 090 | |a QD305 |b A2Pan | ||
| 100 | 1 | 0 | |a Pan, Jingfang. |
| 245 | 1 | 0 | |a Electronic structure and thermal decomposition of some five-membered lactones / |c by Pan Jingfang. |
| 260 | |c 1998. | ||
| 300 | |a 105 leaves : |b ill. ; |c 30 cm. | ||
| 502 | |a Dissertation (M.Sc.) -- National University of Singapore, 1998. | ||
| 504 | |a Bibliography: leaves 104-105. | ||
| 650 | 0 | |a Lactones |x Spectra | |
| 650 | 0 | |a Electronic structure |x Spectra | |
| 650 | 0 | |a Photoelectron spectroscopy. | |
| 650 | 0 | |a Thermochemistry. | |
| 948 | |a 20/04/1999 |b 10/05/1999 | ||
| 596 | |a 1 | ||
| 999 | |a QD305 A2PAN |w LC |c 1 |i A508386330 |l STACKS |m P01UTAMA |r Y |s Y |t TESIS |u 3/6/1999 | ||
